Relación de la conquista de esta Nueva España, como la contaron los soldados indios que se hallaron presentes (Record no. 133)
[ view plain ]
| 000 -CABECERA | |
|---|---|
| campo de control de longitud fija | 01281nam a2200265 a 4500 |
| 001 - NÚMERO DE CONTROL | |
| campo de control | BRCA_154 |
| 005 - FECHA Y HORA DE LA ÚLTIMA TRANSACCIÓN | |
| campo de control | 20190320202913.0 |
| 008 - DATOS DE LONGITUD FIJA--INFORMACIÓN GENERAL | |
| campo de control de longitud fija | 910607r19891840mx-#---##b---#001-0dspa-# |
| 040 ## - FUENTE DE LA CATALOGACIÓN | |
| Centro catalogador/agencia de origen | DLC |
| Centro/agencia transcriptor | DLC |
| Centro/agencia modificador | DLC |
| 050 #4 - SIGNATURA TOPOGRÁFICA DE LA BIBLIOTECA DEL CONGRESO | |
| Número de clasificación | F1226 |
| Número de documento/Ítem | .B53 1989 |
| 100 1# - ENTRADA PRINCIPAL--NOMBRE DE PERSONA | |
| Nombre de persona | Sahagún, Fray Bernardino de |
| Fechas asociadas al nombre | 1590 |
| 9 (RLIN) | 588 |
| 245 10 - MENCIÓN DE TÍTULO | |
| Título | Relación de la conquista de esta Nueva España, como la contaron los soldados indios que se hallaron presentes |
| Resto del título | publicada, con una disertación sobre la aparición Guadalupana, y con notas sobre la conquista de México, Carlos María de Bustamante |
| Mención de responsabilidad, etc. | Fray Bernardino de Sahagún ; presentación Francisco de Antuñano Maurer. |
| 260 ## - PUBLICACIÓN, DISTRIBUCIÓN, ETC. | |
| Lugar de publicación, distribución, etc. | México |
| Nombre del editor, distribuidor, etc. | Biblioteca Mexicana de la Fundación Miguel Alemán |
| Fecha de publicación, distribución, etc. | 1989 |
| 300 ## - DESCRIPCIÓN FÍSICA | |
| Extensión | xiii, 247, xxii, 20 p. |
| Dimensiones | 22 cm. |
| 500 ## - NOTA GENERAL | |
| Nota general | Facsímil de: México, 1840 |
| 500 ## - NOTA GENERAL | |
| Nota general | Incluye índice onomástico |
| 600 14 - PUNTO DE ACCESO ADICIONAL DE MATERIA--NOMBRE DE PERSONA | |
| Nombre de persona | Moctezuma |
| Títulos y otros términos asociados al nombre | Emperador de México |
| Fechas asociadas al nombre | ca. 1480-1520 |
| 9 (RLIN) | 589 |
| 600 14 - PUNTO DE ACCESO ADICIONAL DE MATERIA--NOMBRE DE PERSONA | |
| Nombre de persona | Cortés, Hernán |
| Fechas asociadas al nombre | 1485-1547 |
| 9 (RLIN) | 439 |
| 650 14 - PUNTO DE ACCESO ADICIONAL DE MATERIA--TÉRMINO DE MATERIA | |
| Término de materia o nombre geográfico como elemento de entrada | Indígenas de México |
| Subdivisión general | Historia - Cronistas |
| 9 (RLIN) | 590 |
| 650 14 - PUNTO DE ACCESO ADICIONAL DE MATERIA--TÉRMINO DE MATERIA | |
| Término de materia o nombre geográfico como elemento de entrada | Indios de México |
| Subdivisión general | Primer contacto con europeos |
| 9 (RLIN) | 591 |
| 651 #4 - PUNTO DE ACCESO ADICIONAL DE MATERIA--NOMBRE GEOGRÁFICO | |
| Nombre geográfico | México |
| Subdivisión general | Historia |
| Subdivisión cronológica | Conquista, 1519-1540. |
| 9 (RLIN) | 442 |
| 700 1# - PUNTO DE ACCESO ADICIONAL--NOMBRE DE PERSONA | |
| Nombre de persona | Bustamante, Carlos María de |
| Fechas asociadas al nombre | 1774-1848 |
| 9 (RLIN) | 555 |
| 700 1# - PUNTO DE ACCESO ADICIONAL--NOMBRE DE PERSONA | |
| Nombre de persona | Antuñano Maurer, Francisco de |
| 9 (RLIN) | 592 |
| 942 ## - ELEMENTOS DE PUNTO DE ACCESO ADICIONAL (KOHA) | |
| Fuente del sistema de clasificación o colocación | Library of Congress Classification |
| Tipo de ítem Koha | Libros |
| Estado de retiro | Estado de pérdida | Estado dañado | No para préstamo | Localización permanente | Ubicación/localización actual | Fecha de adquisición | Total de préstamos | Signatura topográfica completa | Código de barras | Fecha visto por última vez | Precio válido a partir de | Tipo de ítem Koha |
|---|---|---|---|---|---|---|---|---|---|---|---|---|
| El ejemplar forma parte de la colección y puede ser consultado según las políticas vigentes. | Biblioteca del Museo Franz Mayer (Rogerio Casas-Alatriste) | Biblioteca del Museo Franz Mayer (Rogerio Casas-Alatriste) | 25/06/2008 | F1226 .B53 1989 | 00215 | 22/03/2019 | 22/03/2019 | Libros |